Loading...
| Other | 0 | 3 | 0 | 1 | 30 | 82 | 105.00 | 0 | 0 | 0.00 | 0.00 |
| Fine Arts - Classical Music | 0 | 2 | 0 | 0 | 20 | 92 | 105.50 | 0 | 1 | 13.34 | 30.93 |
| History - Other | 0 | 1 | 0 | 0 | 10 | 78 | 78.00 | 0 | 1 | 9.98 | 18.18 |
| Literature - American | 0 | 1 | 0 | 0 | 10 | 125 | 125.00 | 0 | 0 | 5.43 | 10.23 |
| Literature - European | 0 | 1 | 0 | 0 | 10 | 125 | 125.00 | 0 | 1 | 3.87 | 6.06 |
| Social Science | 0 | 1 | 0 | 0 | 10 | 114 | 114.00 | 0 | 0 | 0.00 | 0.00 |
| Fine Arts - Painting & Sculpture | 0 | 1 | 0 | 1 | 10 | 141 | 141.00 | 0 | 0 | 0.00 | 0.00 |
| Science - Chemistry | 0 | 1 | 0 | 0 | 10 | 115 | 115.00 | 0 | 0 | 0.00 | 0.00 |
| Science - Other | 0 | 1 | 0 | 0 | 10 | 96 | 96.00 | 0 | 1 | 12.24 | 18.18 |
| Fine Arts - Other | 0 | 0 | 0 | 0 | 0 | 0.00 | 0 | 0 | 7.86 | 15.91 | |
| Mythology | 0 | 0 | 1 | 0 | -5 | 0.00 | 0 | 0 | 13.33 | 23.86 |